000 00420nam a2200181Ia 4500
001 4661
005 20260306145812.0
008 260306t2005||||xx |||||||||||||| ||spa||
041 _aESP
082 _a330
_bE35
100 _aEkelund, Robert B.
_eAUT
245 0 _aHistoria de la teoría económica y de su método
260 _c2005
300 _a
_c
650 _aGEN
654 _aCAN
942 _cLIB
_dJUS
_fJUS
_2ddc
_n
999 _c4661
_d4661